Catálogo
 En Linea

Carson McCullers : (Registro nro. 3617)

Detalles MARC
000 -CABECERA
campo de control de longitud fija 00790cam a2200217 a 4500
001 - NÚMERO DE CONTROL
campo de control 000003795
005 - FECHA Y HORA DE LA ÚLTIMA TRANSACCIÓN
campo de control 20200929150554.0
008 - DATOS DE LONGITUD FIJA--INFORMACIÓN GENERAL
campo de control de longitud fija 790424s1985 ag c b 001 f spa
020 ## - NÚMERO INTERNACIONAL ESTÁNDAR DEL LIBRO
Número Internacional Estándar del Libro 9509097365
040 ## - FUENTE DE LA CATALOGACIÓN
Centro catalogador/agencia de origen DO-SdBNP
Lengua de catalogación spa
Centro/agencia transcriptor BNPHU
082 ## - NÚMERO DE LA CLASIFICACIÓN DECIMAL DEWEY
Número de clasificación 813.52
Número de documento/Ítem M478c
100 1# - ENTRADA PRINCIPAL--NOMBRE DE PERSONA
Nombre de persona McDowell, Margaret B.
9 (RLIN) 11531
240 10 - TÍTULO UNIFORME
Título uniforme Carson mccullers.
Lenguaje de la obra Español.
245 10 - MENCIÓN DE TÍTULO
Título Carson McCullers :
Resto del título un corazón solitario /
Mención de responsabilidad, etc. Margaret B. McDowell ; traducción de Anibal Leal.
260 ## - PUBLICACIÓN, DISTRIBUCIÓN, ETC.
Lugar de publicación, distribución, etc. Argentina :
Nombre del editor, distribuidor, etc. Editorial Fraterna,
Fecha de publicación, distribución, etc. 1985.
300 ## - DESCRIPCIÓN FÍSICA
Extensión 222 p. ;
Dimensiones 20 cm.
600 14 - PUNTO DE ACCESO ADICIONAL DE MATERIA--NOMBRE DE PERSONA
Nombre de persona MCCULLERS, CARSON,
Fechas asociadas al nombre 1917-1967
Subdivisión general CRÍTICA E INTERPRETACIÓN
9 (RLIN) 11532
650 #4 - PUNTO DE ACCESO ADICIONAL DE MATERIA--TÉRMINO DE MATERIA
Término de materia o nombre geográfico como elemento de entrada Novela estadounidense
9 (RLIN) 262
650 #4 - PUNTO DE ACCESO ADICIONAL DE MATERIA--TÉRMINO DE MATERIA
Término de materia o nombre geográfico como elemento de entrada Literatura estadounidense
Subdivisión general Crítica e interpretación
9 (RLIN) 11526
700 1# - PUNTO DE ACCESO ADICIONAL--NOMBRE DE PERSONA
Nombre de persona Leal, Anibal,
Término indicativo de función/relación traductor
9 (RLIN) 4573
Existencias
Estado de retiro Estado de pérdida Restricciones de uso No para préstamo Código de colección Localización permanente Ubicación/localización actual Ubicación en estantería Fecha de adquisición Número de inventario Total de préstamos Signatura topográfica completa Código de barras Fecha visto por última vez Precio válido a partir de Tipo de ítem Koha
      Excluido de préstamo Monografías: Libros y Folletos General General Depósito 13.07.2009 LF1   813.52 M478c 3795-10 25.06.2020 25.06.2020 No se presta
        Monografías: Libros y Folletos General General Orden iniciada 26.05.2017 LF1   813.52 M478c 3795-20 25.06.2020 25.06.2020 No se presta

Con tecnología Koha